|
|
|
|
| LEADER |
00000cam a2200000 7i4500 |
| 001 |
0000057739 |
| 005 |
20190507093000.0 |
| 008 |
080527s2008 ne eng |
| 020 |
|
|
|a 9780123743128
|
| 020 |
|
|
|a 9780123743428 (pbk. : alk. paper)
|
| 090 |
0 |
0 |
|a TK5103.3
|b .K86 2008
|
| 100 |
1 |
|
|a Thompson, Timothy J. [
|q (Timothy Joseph)] ,
|d 1976- ,
|e author
|
| 245 |
1 |
0 |
|a Bluetooth application programming with the Java APIs
|c Timothy J. Thompson, Paul J. Kline, C. Bala Kumar
|
| 250 |
|
|
|a Essentials ed
|
| 260 |
|
|
|a Amsterdam ;
|a Boston :
|b Morgan Kaufmann ,
|c 2008
|
| 300 |
|
|
|a xviii, 286 p. :
|b ill. ;
|c 24 cm.
|
| 440 |
|
4 |
|a The Morgan Kaufmann series in networking
|
| 500 |
|
|
|a C Bala Kumar's name appeared first on tp of earlier ed
|
| 504 |
|
|
|a Includes bibliographical references (p [279]-281) and index
|
| 505 |
0 |
|
|a 1. Introduction -- 2. An overview of JABWT -- 3. High-level architecture -- 4. RFCOMM -- 5. OBEX -- 6. Device discovery -- 7. Service discovery -- 8. L2CAP -- 9. Push registry -- 10. Closing remarks
|
| 650 |
|
0 |
|a Application program interfaces (Computer software)
|
| 650 |
|
0 |
|a Bluetooth technology
|
| 650 |
|
0 |
|a Java (Computer program language)
|
| 650 |
|
0 |
|a Wireless communication systems
|
| 700 |
1 |
|
|a Kline, Paul J. ,
|e author
|
| 700 |
1 |
|
|a Kumar, C. Bala ,
|e author
|
| 999 |
|
|
|a 1000118726
|b Book
|c OPEN SHELF (30 DAYS)
|e Tembila Campus
|